Le Mille E Una Notte Volume 1

Uloženo v:
Podrobná bibliografie
Hlavní autor: Rene' R. Kbawam
Médium: Kniha
Jazyk:neznámý jazyk
Vydáno: Corriere Della Sera
Tagy: Přidat tag
Žádné tagy, Buďte první, kdo vytvoří štítek k tomuto záznamu!

MARC

LEADER 00000nam a2200000Ia 4500
001 R-2040
003 CODICE-MESSINA
005 20260212102526.0
008 260211s9999 xx 000 0 und d
040 |c importazione_messina 
100 |a Rene' R. Kbawam 
245 0 |a Le Mille E Una Notte 
245 0 |b Volume 1 
260 |b Corriere Della Sera 
942 |2 ddc  |c BK 
952 |0 0  |1 0  |2 ddc  |4 0  |6 SCAFFALE_21_000000000000000__STANZA_2__ROMANZO  |7 0  |9 32881  |a ME  |b ME  |d 2026-02-11  |l 0  |o SCAFFALE 21 - STANZA 2 - ROMANZO  |p R-2040  |r 2026-02-11 23:53:27  |w 2026-02-11  |x [REVISIONARE]  |y BK 
999 |c 28548  |d 28548